| 000 | 03548 a2200253 4500 | ||
|---|---|---|---|
| 003 | UA-OsUOA | ||
| 005 | 20230105105338.0 | ||
| 008 | 230105b un ||||| |||| 00| 0 ukr d | ||
| 020 | _a9789663886251 | ||
| 040 |
_aUA-OsUOA _bukr _cUA-OsUOA _dUA-OsUOA |
||
| 041 | _aukr | ||
| 080 | _a82-92:323(477) | ||
| 090 |
_a82-92:323(477) _bТ16 |
||
| 100 | _aТаланчук П. | ||
| 245 |
_aДержавотворчий потенціал української нації _bпубліцистика _cПетро Таланчук |
||
| 250 | _aвид. 2-ге, доп. | ||
| 260 |
_aК. _bУкраїна _c2021 |
||
| 300 | _a434 с. | ||
| 520 | _aКнига «Державотворчий потенціал української нації» містить публіцистичне дослідження Петра Таланчука, присвячене сучасним проблемам незалежної України в контексті її правдивої, нефальшованої історії. Автор дослідження переконує, що нинішні проблеми незалежної України потрібно не лише досліджувати, а й негайно вирішувати. Петро Михайлович глибоко вірить у державотворчий потенціал української нації. Ця книга – нагадування українцям про те, хто вони є насправді. У книзі Петро Таланчук без прикрас пише про те, що найтяжчою проблемою української нації є схильність до міжусобиць та «руїни», тобто до невміння скористатися історично наданими чи відвойованими можливостями, що неминуче призводить до болючих поразок у майже виграних змаганнях. Ось що говорить автор у книзі: «1918 року в Україні було більше 300 тис. прекрасно вишколених озброєних патріотів. А захопили нашу країну 7 тис. більшовиків. Сталося, передусім, це тому, що військові патріоти, а вслід за ними й інші громадяни, «забули» про зовнішні загрози і чубилися між собою, щоб привести до влади гетьмана <…> Схаменімося, якщо хочемо залишитися українським народом і боронити його землю. Інакше станемо ніким, гноєм». Також велику проблему становить, на переконання П.М. Таланчука, комплекс меншовартості українців, який теж шкодить розвиткові України. Прочитати книгу Петра Таланчука потрібно тим, хто ще не утямив, хто ми і яке наше місце, якою ми хочемо бачити свою країну. | ||
| 650 |
_2UDC _a82 Література. Літературознавство |
||
| 942 |
_cBK _2udc |
||
| 955 | _a3 | ||
| 999 |
_c573485 _d573485 |
||